000 00533nam a2200169 i 4500
001 45333
003 ES-MaACL
005 20230906161212.0
007 t|
008 030325s1960 sp f c |||| | spa d
080 _a746.2(46):061.43(460.235 B.)
245 0 3 _aEl encaje de seda
_b: exposición organizada por el Colegio de Arte Mayor de la Seda, Barcelona, 1960.
260 _aBarcelona :
_bSalón del Tinell,
_c1960 (
_fFilograf)
300 _a91 p., 91 lám. ;
_c24 cm.
650 0 4 _aEncajes.
_912234
852 _aES-MaACL
_jC-18381
999 _c45333
_d45333